1602 1249 1203 1588 1477 1857 1220 1675 1631 1346 1879 1887 1636 1582 1197 1348 1874 1663 1190 1501 1606 1784 1750 1302 1967 1063 1710 1963 1988 1241 1235 1984 1186 1185 1899 1044 1043 1330 1286 1174 1281 1097 1187 1337 1604 1359 1168 1949 1990 1732 1819 1392 1604 1656 1355 1142 1067 1628 1300 1430 1543 1744 1131 1065 1825 1009 1574 1507 1124 1067 1993 1116 1450 1315 1708 1654 1534 1963 1089 1786 1825 1559 1196 1576 1228 1801 1855 1281 1661 1054 1342 1620 1106 1541 1609 1109 1120 1833 1734 BCNSPRNW ULIB Ver.6.0+V

เปลี่ยนเป็นภาษาไทย

Change to English
 แสดงรายละเอียดบรรณานุกรม
  กลับหน้าหลัก

Brief Record : Get Marc (ISO 2709) : E-mail record : QR code < ปิดหน้าต่าง
LEADER : 00000nam 2200000uu 4500
001    13399113634
003     ULIB
008    111208s2553||||th 000 0 tha d
020    ^a9786167052101
090    ^aนว.^bร388ฮ ล.2
100    ^aรัศมีจันทร์
245    ^aไฮโซติดเกาะ ตอน สายลมแห่งฤดูหนาว เล่ม 2/^cรัศมีจันทร์
250    ^aพิมพ์ครั้งที่ 1
260    ^aกรุงเทพฯ :^bณ บ้านวรรณกรรม,^c2553
300    ^a320 หน้า
710 1  ^aณ บ้านวรรณกรรม
945    ^p240^l0^i026745
995    ^aทศพร
999 ^a ทศพร
รายการนี้ยังไม่มีแท็ก
คุณยังไม่ได้ล็อกอิน คุณสามารถมีกิจกรรมร่วมกับเว็บไซต์ได้ แต่ต้องล็อกอินก่อน ::
  ล็อกอิน

รายการสื่อสารสนเทศ

ลำดับที่ ประเภท เลขเรียก/บาร์โค้ด สถานที่ สถานะ
1. นวนิยาย
นวนิยาย
นว. ร388ฮ ล.2 ฉ.1 
  Barcode: 026745
ห้องสมุดวิทยาเขตสวรรค์ประชารักษ์
►นวนิยาย
บนชั้น
  ขอยืม

รายการใกล้เคียง
    ผู้แต่ง [รัศมีจันทร์]

BibComment


ยังไม่เคยถูกคอมเมนท์

คอมเมนท์ทรัพยากรรายการนี้
  คอมเมนท์: ไฮโซติดเกาะ ตอน ..


 Copyright 2026. Bcnsprnw @Library